Statistiques concernant Régions du Québec

Cliquez ici pour prendre le quiz!

Statistiques générales

  • Ce quiz a été pris 402 fois
  • Le résultat moyen est 13 sur 17

Statistiques - réponses

HintRéponse% Correct
Région #6Montréal
95%
Région #11Gaspésie-Îles-de-la-Madeleine
87%
Région #16Montérégie
84%
Région #9Côte-Nord
82%
Région #15Laurentides
82%
Région #2Saguenay-Lac-Saint-Jean
80%
Région #8Abitibi-Témiscamingue
79%
Région #5Estrie
78%
Région #4Mauricie
75%
Région #14Lanaudiere
73%
Région #13Laval
73%
Région #7Outaouais
73%
Région #10Nord-du-Québec
69%
Région #17Centre-du-Québec
68%
Région #3Capitale Nationale
66%
Région #12Chaudières-Appalaches
64%
Région #1Bas-Saint-Laurent
60%

Distribution des résultats

Percentile par nombre de réponses

% des personnes avec chaque résultat

Votre développement - résultats

Vous n’avez pas pris ce quiz